| 000 | 00447nam a2200145Ia 4500 | ||
|---|---|---|---|
| 008 | 231129s1982||||xx |||||||||||||| ||spa|| | ||
| 020 | _a84-7166-579-4 | ||
| 040 | _bspa | ||
| 082 | _aR 658.05 A549p (EN PROCESO DE DESCARTE) V.5 Ej. | ||
| 100 | _aAnderson R.G. | ||
| 245 | 0 | _aProceso de datos y sistemas de informacion de gestion | |
| 260 | _c1982 | ||
| 264 | _aEspaƱa (Madrid) : Edaf | ||
| 942 |
_2ddc _cBKS |
||
| 999 |
_c23290 _d23290 |
||